000
00313nam a22001457a 4500
008
210310b ||||| |||| 00| 0 eng d
020
_a
9781285752938
041
_a
eng
080
_2
9th
_a
33
082
_a
33
100
_a
59
101
_a
BIZ
245
_a
Business Communication
_c
Newman,A
942
_2
udc
_c
BK
999
_c
56278
_d
56278